| 000 | 00378nam a2200133 i 4500 | ||
|---|---|---|---|
| 001 | bg | ||
| 245 | 0 |
_aPoradnik termoenergetyka : _bpraca zbiorowa / _c[aut. Jerzy Chudziński et al.]. |
|
| 260 |
_aWarszawa : _bWydawnictwa Naukowo-Techniczne, _c1965. |
||
| 700 | 1 | _aChudziński, Jerzy. | |
| 040 | _cBPK | ||
| 041 | _apol | ||
| 942 | _cKS | ||
| 008 | s pl f |000 0 pol | ||
| 999 |
_c4863 _d4863 |
||
| 856 |
_uhttp://koha.tu.koszalin.pl/cgi-bin/koha/opac-detail.pl?biblionumber=4863 _yKatalog online BPK |
||